000 00352nam a22001457a 4500
008 230412b ||||| |||| 00| 0 eng d
020 _a0022534710183208320
041 _aeng
080 _2NUMBER 2
_a61
082 _a61AUA
100 _a4
101 _aUROLOG
245 _aTHE JOURNAL OF UROLOGY
_cAMERICAN UROLOGICAL ASSOCOATION
942 _2udc
_cBK
999 _c59516
_d59516